| 000 | 00767nam a22001337a 4500 | ||
|---|---|---|---|
| 040 | _cRUA | ||
| 082 | _aAGE HON 2015 B515 Or. | ||
| 100 | _aHONG SOTH; ហុង សុត | ||
| 245 | _aThe comparison of liquid bio-slurry and rice husk biochar application on dai neang chili pepper's yield at royal university of agriculture; ប្រៀបធៀបការប្រើប្រាស់ជីឡជីវឧស្ម័នរាវ និងជីវធ្យូងអង្កាមទៅលើទិន្នផលដំណាំម្ទេសដៃនាង នៅសាកលវិទ្យាល័យភូមិន្ទកសិកម្ម | ||
| 260 |
_aRUA _bPhnom Penh _c2015 |
||
| 300 |
_axiii; 60p. _bill. _c29cm. |
||
| 856 | _u HONG SOTH | ||
| 942 | _cAGE | ||
| 999 |
_c9358 _d9358 |
||